00340nam a22001217a 4500020001800000040000900018082001800027100001900045110002300064245004300087260004500130650004300175 a9781580531108 cNust a621.3848bKOM aIgov V Komarov aSergey M. Smolskiy aFundamentals of Short -Range FM Radar  aBoston:bArtech house publishers,c2003. aFundamentals of Short -Range FM Radar